Manchester United players - Sudden Death - Statistics

General Stats
  • This quiz has been taken 168 times
  • The average score is 5 of 12
Answers on the Grid
Answers color-coded by a green-red scale on the quiz's grid according to % correct below.
Laurent Blanc
Cristiano Ronaldo
Pruno Penandes
Mason Greenwich
Matthijs De Ligt
Carlos Tevez
Jaap Stam
Kasper Schmeichel
Darren Fletcher
Barren Fletcher
Zlatan Ibrahimovic
Kane Rooney
Robbie Keane
Anthony Marital
Cole Palmer
Nemanja Vidic
Gay Neville
Phil Neville
Ruben Amorim
Oscar Hojlund
Jonny Evans
Erik Ten Hag
Frenkie De Jong
Chicharito
Kevin De Bruyne
Youssoufa Moukoko
Larry Zinkernit
Raphael Varane
Christian Pulisic
Sofian Amrabat
 
Answer Stats
Answer % Correct
Cristiano Ronaldo
91%
Carlos Tevez
56%
Matthijs De Ligt
52%
Laurent Blanc
51%
Jaap Stam
46%
Zlatan Ibrahimovic
43%
Darren Fletcher
41%
Nemanja Vidic
29%
Raphael Varane
16%
Jonny Evans
14%
Phil Neville
11%
Chicharito
8%
No matching quizzes found
Score Distribution
Percent of People with Each Score
Percentile by Number Answered
Your Score History
You have not taken this quiz